| 000 -LEADER |
| fixed length control field |
01413cam a2200361 a 4500 |
| 001 - CONTROL NUMBER |
| control field |
1493732 |
| 003 - CONTROL NUMBER IDENTIFIER |
| control field |
NUST |
| 005 - DATE AND TIME OF LATEST TRANSACTION |
| control field |
20190401094809.0 |
| 008 - FIXED-LENGTH DATA ELEMENTS--GENERAL INFORMATION |
| fixed length control field |
881101s1989 nyu 000 1 eng |
| 010 ## - LIBRARY OF CONGRESS CONTROL NUMBER |
| LC control number |
88027284 |
| 020 ## - INTERNATIONAL STANDARD BOOK NUMBER |
| International Standard Book Number |
0805004602 : |
| Terms of availability |
$15.95 |
| 038 ## - RECORD CONTENT LICENSOR |
| Staff Name |
Arshad |
| 040 ## - CATALOGING SOURCE |
| Original cataloging agency |
DLC |
| Transcribing agency |
DLC |
| Modifying agency |
DLC |
| -- |
OCoLC |
| -- |
DLC |
| 050 00 - LIBRARY OF CONGRESS CALL NUMBER |
| Classification number |
PS3557.R13 |
| Item number |
F2 1989 |
| 082 00 - DEWEY DECIMAL CLASSIFICATION NUMBER |
| Classification number |
813.54 |
| Author Mark |
GRA |
| 100 1# - MAIN ENTRY--PERSONAL NAME |
| Personal name |
Grafton, Sue. |
| 9 (RLIN) |
14047 |
| 245 10 - TITLE STATEMENT |
| Title |
"F" is for fugitive : |
| Remainder of title |
a Kinsey Millhone mystery / |
| Statement of responsibility, etc. |
Sue Grafton. |
| 250 ## - EDITION STATEMENT |
| Edition statement |
1st ed. |
| 260 ## - PUBLICATION, DISTRIBUTION, ETC. |
| Place of publication, distribution, etc. |
New York : |
| Name of publisher, distributor, etc. |
H. Holt, |
| Date of publication, distribution, etc. |
c1989. |
| 300 ## - PHYSICAL DESCRIPTION |
| Extent |
261 p. ; |
| Dimensions |
21 cm. |
| 490 1# - SERIES STATEMENT |
| Series statement |
Kinsey Millhone mysteries |
| 650 #0 - SUBJECT ADDED ENTRY--TOPICAL TERM |
| Topical term or geographic name entry element |
Millhone, Kinsey (Fictitious character) |
| General subdivision |
Fiction. |
| 9 (RLIN) |
14048 |
| 650 #0 - SUBJECT ADDED ENTRY--TOPICAL TERM |
| Topical term or geographic name entry element |
Women private investigators |
| Geographic subdivision |
California |
| General subdivision |
Fiction. |
| 9 (RLIN) |
14049 |
| 651 #0 - SUBJECT ADDED ENTRY--GEOGRAPHIC NAME |
| Geographic name |
California |
| General subdivision |
Fiction. |
| 9 (RLIN) |
14050 |
| 655 #7 - INDEX TERM--GENRE/FORM |
| Genre/form data or focus term |
Detective and mystery stories. |
| Source of term |
gsafd |
| 9 (RLIN) |
2977 |
| 800 1# - SERIES ADDED ENTRY--PERSONAL NAME |
| Personal name |
Grafton, Sue. |
| Title of a work |
Kinsey Millhone mysteries. |
| 9 (RLIN) |
14051 |
| 856 42 - ELECTRONIC LOCATION AND ACCESS |
| Materials specified |
Contributor biographical information |
| Uniform Resource Identifier |
<a href="http://www.loc.gov/catdir/bios/hol055/88027284.html">http://www.loc.gov/catdir/bios/hol055/88027284.html</a> |
| 856 42 - ELECTRONIC LOCATION AND ACCESS |
| Materials specified |
Publisher description |
| Uniform Resource Identifier |
<a href="http://www.loc.gov/catdir/description/hol054/88027284.html">http://www.loc.gov/catdir/description/hol054/88027284.html</a> |
| 856 41 - ELECTRONIC LOCATION AND ACCESS |
| Materials specified |
Sample text |
| Uniform Resource Identifier |
<a href="http://www.loc.gov/catdir/enhancements/fy1001/88027284-s.html">http://www.loc.gov/catdir/enhancements/fy1001/88027284-s.html</a> |
| 906 ## - LOCAL DATA ELEMENT F, LDF (RLIN) |
| a |
7 |
| b |
cbc |
| c |
orignew |
| d |
1 |
| e |
ocip |
| f |
19 |
| g |
y-gencatlg |
| 942 ## - ADDED ENTRY ELEMENTS (KOHA) |
| Source of classification or shelving scheme |
|
| Koha item type |
Book |